000 00619nam a2200277Ia 4500
005 20260324111928.0
008 008 260324s9999 xx 000 0 eng d
020 _a9781032621517
037 _aEBOOK
040 _aCRL
040 _beng
040 _cCRL
041 _2eng
041 _aeng
084 _qCRL
100 _aNala H. Lee
_91140594
245 0 _aLanguage in Society
260 _bTaylor and Francis
260 _c2025
365 _a
365 _b180
856 _uhttp://www.taylorfrancis.com/books/9781032621517
942 _cEBOOK
999 _c1729591
_d1729591